000 03090cam a2200325 4500
001 8250
003 OCoLC
005 20181127185454.0
008 071017s2007 enka f 000 0 eng d
020 _a0781770521
020 _a9780781770521
082 0 4 _a610.73072
_222
100 1 _aPolit, Denise F
245 1 0 _aResource manual to accompany Nursing research :
_bgenerating and assessing evidence for nursing practice /
_cDenise F. Polit, Cheryl Tatano Beck
246 3 _aStudent resource CD-ROM for the resource manual to accompany nursing research ..
246 3 0 _a Nursing research : generating and assessing evidence for nursing practice
250 _a8th ed
260 _aPhiladelphia :
_bWolters Kluwer, Lippincott Williams & Wilkins,
_c2008
300 _avi, 383 p. :
_bill. ;
_c23 cm. +
_e1 CD-Rom (4 3/4 in)
505 0 _aPart 1: Foundations of Nursing Research and Evidence-Based Practice -- 1. Introduction to Nursing Research in an Evidence-Based Practice Environment -- 2. Translating Research Evidence into Nursing Practice: Evidence-Based Nursing -- 3. Generating Evidence: Key Concepts and Steps in Qualitative and Quantitative Research -- Part 2: Conceptualizing a Study to Generate Evidence for Nursing -- 4. Conceptualizing Research Problems, Research Questions, and Hypotheses -- 5. Finding and Critiquing Evidence: Research Literature Reviews -- 6. Developing a Theoretical or Conceptual Context -- 7. Generating Research Evidence Ethically -- Part 3: Designing a Study to Generate Evidence for Nursing -- 8. Planning a Nursing Study -- 9. Developing an Approach for a Qualitative Study -- 10. Designing Quantitative Studies -- 11. Enhancing Rigor in Quantitative Research -- 12. Undertaking Research for Specific Purposes -- 13. Developing a Sampling Plan
505 8 _aPart 4: Collecting Research Data -- 14. Designing and Implementing a Data Collection Plan -- 15. Collecting Unstructured Data -- 16. Collecting Structured Data -- 17. Assessing Measurement Quality in Quantitative Studies -- 18. Developing and Testing Self-Report Scales -- Part 5: Analyzing and Interpreting Research Data -- 19. Analyzing Qualitative Data -- 20. Enhancing Quality and Integrity in Qualitative Research -- 21. Describing Data Through Statistics -- 22. Using Inferential Statistics to Test Hypotheses -- 23. Using Multivariate Statistics to Analyze Complex Relationships -- 24. Designing a Qualitative Analysis Strategy: From Data Collection to Interpretation -- Part 6: Building an Evidence Base for Nursing Practice -- 25. Integrating Research Evidence: Meta-Analysis and Metasynthesis -- 26. Disseminating Evidence: Reporting Research Findings -- 27. Writing Proposals to Generate Evidence
650 0 _aNursing
_xResearch
650 0 _aNursing
_xResearch
_xMethodology
650 0 _aNursing
_xResearch
_xProblems, exercises, etc
650 2 _aNursing Research
_vproblems
650 2 _aNursing Research
_xmethods
700 1 _aBeck, Cheryl Tatano
740 0 _aStudy guide to accompany Nursing research: principles and methods
999 _c7120
_d7120